Statistics for Countries with an 'L' in their name:

Click here to take the quiz!

General Stats

  • This quiz has been taken 84 times
    (56 since last reset)
  • The average score is 55 of 64

Answer Stats

HintAnswer% Correct
IIceland
96%
Belgium
94%
VVenezuela
94%
Chile
92%
Lithuania
92%
Liechtenstein
92%
Lesotho
92%
Latvia
92%
Israel
92%
Ireland
92%
FFinland
92%
Libya
92%
Bolivia
92%
AAlbania
90%
Poland
90%
Colombia
90%
Netherlands
90%
Italy
90%
PPalau
90%
Luxembourg
90%
Brazil
90%
Switzerland
90%
Portugal
90%
TThailand
90%
Seychelles
88%
Slovakia
88%
EEl Salvador
88%
Slovenia
88%
LLaos
88%
New Zealand
88%
Algeria
88%
Somalia
86%
NNepal
86%
Moldova
86%
Malaysia
86%
CCentral African Republic
86%
Bulgaria
86%
Lebanon
86%
DDominican Republic
86%
Liberia
86%
Tuvalu
84%
Sri Lanka
84%
Philippines
84%
Belarus
84%
Maldives
84%
Australia
84%
Angola
82%
eSwatini / Swaziland
82%
Mongolia
82%
Malta
82%
MMalawi
80%
Belize
80%
Senegal
80%
Mali
80%
Solomon Islands
78%
Marshall Islands
78%
GGuatemala
78%
Sierra Leone
76%
Equatorial Guinea
76%
SSaint Lucia
76%
Congo R
73%
Congo DR
73%
BBangladesh
73%
Czechia / Czech Republic
67%

Score Distribution

Percentile by Number Answered

Percent of People with Each Score

Your Score History

You have not taken this quiz since the last reset